Billboard Hot 100 Top 100 Songs of November 28, 2015 - Statistics

General Stats
  • This quiz has been taken 63 times
    25 since last reset
  • The average score is 21 of 110
Answer Stats
Hint Answer % Correct
1. Adele Hello
87%
3. Justin Bieber Sorry
83%
5. Shawn Mendes Stitches
78%
2. Drake Hotline Bling
74%
4. The Weeknd The Hills
74%
6. Justin Bieber What Do You Mean?
74%
12. The Weeknd Can't Feel My Face
65%
19 Major Lazer & DJ Snake ft. MO Lean On
61%
18. Silento Watch Me
61%
22 Fetty Wap Trap Queen
52%
36. Mark Ronson ft. Bruno Mars Uptown Funk
52%
13. Ariana Grande Focus
48%
11. Alessia Cara Here
48%
9. Meghan Trainor ft. John Legend Like I'm Gonna Lose You
48%
17. R. City ft. Adam Levine Locked Away
48%
14. Selena Gomez Same Old Love
48%
33. Wiz Khalifa ft. Charlie Puth See You Again
48%
7. Fetty Wap ft. Remy Boyz 679
43%
34. OMI Cheerleader
43%
47. Rachel Platten Fight Song
43%
39. WALK THE MOON Shut Up And Dance
43%
10. Elle King Ex's and Oh's
39%
69. twenty one pilots Stressed Out
39%
45. Ed Sheeran Thinking Out Loud
39%
49. Skrillex & Diplo ft. Justin Bieber Where Are U Now
39%
8. Taylor Swift Wildest Dreams
39%
86. DNCE Cake By The Ocean
35%
15. Ellie Goulding On My Mind
35%
40. One Direction Perfect
35%
81. Demi Lovato Cool For The Summer
30%
26. Selena Gomez ft. A$AP Rocky Good For You
30%
89. G-Eazy x Bebe Rexha Me, Myself & I
30%
64. The Chainsmokers ft. ROZES Roses
30%
42. Bryson Tiller Don't
26%
96. Flo Rida My House
26%
32. Demi Lovato Confident
22%
29. One Direction Drag Me Down
22%
71. Daya Hideaway
22%
23. iloveMemphis Hit The Quan
22%
38. Calvin Harris & Disciples How Deep Is Your Love
22%
16. Drake & Future Jumpman
22%
37. Ed Sheeran Photograph
22%
21. X Ambassadors Renegades
22%
55. Coldplay Adventure Of A Lifetime
17%
24. Travi$ Scott Antidote
17%
65. One Direction History
17%
95. Jess Glynne Hold My Hand
17%
FALLOFF Jason Derulo Want To Want Me
17%
30. Macklemore & Ryan Lewis feat. Eric Nally, Melle Mel, Kool Moe Dee & Grandmaster Caz Downtown
13%
75. Sia Alive
9%
51. Cam Burning House
9%
92. Kelsea Ballerini Dibs
9%
25. Thomas Rhett Die A Happy Man
9%
67. Hailee Steinfeld Love Myself
9%
FALLOFF Halsey New Americana
9%
94. Rachel Platten Stand By You
9%
20. Chris Stapleton Tennessee Whiskey
9%
FALLOFF Michael Jackson Thriller
9%
31. Future ft. Drake Where Ya At
9%
28. Post Malone White Iverson
9%
73. Sam Smith Writing's On The Wall
9%
91. Missy Elliott ft. Pharrell Williams WTF (Where They From)
9%
93. Lil Dicky ft. Fetty Wap & Rich Homie Quan $ave Dat Money
4%
56. Drake Back To Back
4%
70. Drake & Future Big Rings
4%
63. Ty Dolla $ign ft. Future & Rae Sremmurd Blase
4%
85. Drake & Future Diamonds Dancing
4%
FALLOFF Drake & Future Digital Dash
4%
77. Jana Kramer I Got The Boy
4%
48. Rudimental ft. Ed Sheeran Lay It All On Me
4%
35. Fetty Wap ft. Monty/Drake My Way
4%
98. Big Sean ft. Chris Brown & Ty Dolla $ign Play No Games
4%
78. Drake Right Hand
4%
57. Tory Lanez Say It
4%
FALLOFF Drake & Future Scholarships
4%
46. Carrie Underwood Smoke Break
4%
72. Brothers Osborne Stay A Little Longer
4%
41. Fetty Wap Again
0%
FALLOFF Meek Mill ft. Nicki Minaj & Chris Brown All Eyes On You
0%
FALLOFF Parmalee Already Calling You Mine
0%
79. Florida Georgia Line Anything Goes
0%
54. DeJ Loaf ft. Big Sean Back Up
0%
100. Zac Brown Band Beautiful Drug
0%
61. DLOW Bet You Can't Do It Like Me Challenge
0%
43. Sam Hunt Break Up In A Small Town
0%
53. Old Dominion Break Up With Him
0%
58. Rae Sremmurd Come Get Her
0%
82. K Camp Comfortable
0%
FALLOFF Panic! At The Disco Emperor's New Clothes
0%
76. Bryson Tiller Exchange
0%
97. J Balvin Ginza
0%
59. Blake Shelton Gonna
0%
74. Jason Aldean Gonna Know We Were Here
0%
88. Jordan Smith Halo
0%
27. Justin Bieber I'll Show You
0%
90. LoCash I Love This Life
0%
44. Chris Young I'm Coming Over
0%
FALLOFF Fetty Wap ft. Monty Jugg
0%
60. Cole Swindall Let Me See Ya Girl
0%
99. Nick Jonas Levels
0%
68. Chris Brown Liquor
0%
50. J Cole No Role Modelz
0%
62. Dan + Shay Nothing Like You
0%
84. Fetty Wap RGF Island
0%
83. Kenny Chesney Save It For A Rainy Day
0%
52. Luke Bryan Strip It Down
0%
66. Nelly ft. Jeremih The Fix
0%
80. Tim McGraw Top Of The World
0%
87. Chris Stapleton Traveller
0%
FALLOFF Randy Houser We Went
0%
No matching quizzes found
Score Distribution
Percent of People with Each Score
Percentile by Number Answered
Your Score History
You have not taken this quiz since the last reset